| 000 | 00682nam a22002537a 4500 | ||
|---|---|---|---|
| 003 | FEu | ||
| 005 | 20140310182814.0 | ||
| 008 | 130226t xxu||||| |||| 00| 0 eng d | ||
| 020 | _a9780471691235 | ||
| 050 |
_aQP 36 _b.T6 2007 |
||
| 100 | _aTortora, Gerard J. | ||
| 245 |
_aIntroduction to the human body : _bthe essentials of anatomy and physiology / _cGerard J. Tortora, Bryan Derrickson. |
||
| 250 | _a7th ed. | ||
| 260 |
_aNew York : _bWiley, _c2007. |
||
| 300 |
_a611 p. : _bill. ; _c25 cm. |
||
| 521 | _aNUR | ||
| 562 | _e1 | ||
| 650 | _aAnatomy | ||
| 650 | _aBody | ||
| 650 | _aHuman. | ||
| 650 | _aHuman physiology. | ||
| 942 |
_2lcc _cBK _kFOR |
||
| 999 |
_c16246 _d16246 |
||